Cumhuriyet Halk Partisi Genel Başkanı Altan Öymen'in 10. olağanüstü kurultay konuşması (Record no. 7163)

MARC details
000 -BAŞLIK
Sabit Uzunlukta Kontrol Alanı 01447na a2200373 4500
001 - KONTROL NUMARASI
Denetim Alanı 18116
003 - KONTROL NUMARASI IDENTIFIER
Denetim Alanı MIRAKIL
005 - SON İŞLEM TARİHİ VE ZAMANI
Denetim Alanı 20181213155130.0
008 - SABİT-BOY VERİ ELEMANLARI - GENEL BİLGİLER
Sabit Uzunlukta Kontrol Alanı 161111b tu 000 0
035 ## - SİSTEM KONTROL NUMARASI
Sistem Kontrol Numarası 18116
040 ## - KATALOGLAMA KAYNAK
Orijinal Kataloglama Ajansı Milas
Kataloglama Dili tur
Metne Dönüştürmek Ajansı TR-AnCHP
041 ## - DİL KODU
Metin / Ses Parça Veya Ayrı Başlığın Dil Kodu tur
082 ## - DEWEY ONLU SINIFLANDIRMA NUMARASI
Sınıflandırma Numarası CHP 324.2372
Ürün Numarası Ö95c 1999
090 ## - SINIFLAMA NUMARASI
Sınıflama Numarası CHP 324.2372 Ö95c 1999
100 ## - ANA GİRİŞ - KİŞİSEL İSİM
Kişisel Ad Öymen, Altan
Bir Adıyla İlişkilendirilen Başlıklar Ve Kelimeler CHP Genel Başkanı
111 ## - ANA GİRİŞ - TOPLANTI ADI
Giriş Elemanı Olarak Toplantı Adı Veya Yargı Alanı Adı CHP Olağanüstü Kurultayı
Toplantının Yeri Ankara
Toplantı Veya Antlaşma İmzalandığı Tarihi 26 Haziran 1999
Bölüm / Bölüm / Toplantı Sayısı 10.
222 ## - ANAHTAR ADI
Anahtar Başlık CHP Genel Başkanı Altan Öymen'in 10. Olağanüstü Kurultay konuşması
245 ## - BAŞLIK TABLOSU
Başlık Cumhuriyet Halk Partisi Genel Başkanı Altan Öymen'in 10. olağanüstü kurultay konuşması
Başlığın Kalan 26 Haziran 1999, Ankara
Sorumluluk Tablosu, Vb [Cumhuriyet Halk Partisi]
246 ## - UNVAN FORM VARYING
Başlık Doğru / Kısa Başlığı CHP 10. Olağanüstü Kurultayı
246 ## - UNVAN FORM VARYING
Başlık Doğru / Kısa Başlığı 10. Olağanüstü Kurultay genel başkan konuşması
260 ## - YAYIN, DAĞITIM, VB
Yayın, Dağıtım, Vb Yeri Ankara
Yayıncı, Dağıtıcı, Vs Adı CHP
Yayın, Dağıtım, Vb Tarihi 1999
300 ## - FİZİKSEL TANIM
Kapsam 16 s.
Boyutlar 29 sm.
490 ## - SERİSİ TABLOSU
Seri Beyanı Cumhuriyet Halk Partisi yayınları
600 ## - KONU KATMA GİRİŞ - KURUMSAL ADI
Kişisel Ad Öymen, Altan
Başlıklar Ve Bir Adla İlişkili Diğer Kelimeler CHP Genel Başkanı
Genel Alt Bölümü Kurultay konuşmaları
610 ## - KONU KATMA GİRİŞ - TOPLANTI ADI
Giriş Elemanı Olarak Kurumsal Ad Veya Yargı Alanı Adı Cumhuriyet Halk Partisi
Genel Alt Bölüm Kurultay konuşmaları
610 ## - KONU KATMA GİRİŞ - TOPLANTI ADI
Giriş Elemanı Olarak Kurumsal Ad Veya Yargı Alanı Adı Cumhuriyet Halk Partisi
Genel Alt Bölüm Olağanüstü kurultaylar, 1999
651 ## - KONU KATMA GİRİŞ - COĞRAFİ ADI
Coğrafi İsim Türkiye
Genel Alt Bölümü Siyaset ve yönetim
Kronolojik Alt Bölümü 1999-2002
740 ## - KATMA GİRİŞ - KONTROLSUZ İLGİLİ / ANALİTİK BAŞLIK
Kontrol Edilmeyen / İlgili Analitik Başlıktaki CHP 10. Olağanüstü Kurultayı
740 ## - KATMA GİRİŞ - KONTROLSUZ İLGİLİ / ANALİTİK BAŞLIK
Kontrol Edilmeyen / İlgili Analitik Başlıktaki 10. Olağanüstü Kurultay
830 ## - SERİSİ EKLENDİ GİRİŞ - ÜNİFORM ADI
Üniforma Başlık CHP yayınları
942 ## - EKLENDİ GİRİŞ ELEMANLARI (KOHA)
Sınıflandırma Veya Raf Düzeni Kaynak
Koha Öğesi Türü Books
999 ## - SİSTEM KONTROL NUMARALARI (KOHA)
Koha Biblionumber 7163
Koha Biblioitemnumber 7163
657 ## - INDEX SÜRE - İŞLEVİ
-- CHP olağanüstü kurultayları
657 ## - INDEX SÜRE - İŞLEVİ
-- CHP kurultayları
Holdings
Kalıcı Konum Mevcut Konum Edinme Tarihi Edinim Kaynak Toplam Check-Out'Lar Tam Çağrı Numarası Barkod Tarih Son Görülme İtibaren Geçerli Fiyatlar Koha Öğesi Türü Kopya Sayısı
CHP Kütüphanesi CHP Kütüphanesi 11/11/2016 Bağış   CHP 324.2372 Ö95c 1999 009378 11/11/2016 11/11/2016 Books  
CHP Kütüphanesi CHP Kütüphanesi 11/11/2016 Bağış   CHP 324.2372 Ö95c 1999 009411 11/11/2016 11/11/2016 Books k.2
CHP Kütüphanesi CHP Kütüphanesi 11/11/2016 Bağış   CHP 324.2372 Ö95c 1999 009412 11/11/2016 11/11/2016 Books k.3